[Event "Cairo Al Ain op"]
[Site "Cairo"]
[Date "2023.11.30"]
[Round "7"]
[White "Rezk, Mohamed"]
[Black "Yousry, Mohamed"]
[Result "1/2-1/2"]
[WhiteElo "1932"]
[BlackElo "2007"]
[PlyCount "137"]
[EventDate "2023.11.27"]
[EventType "swiss"]
[EventRounds "10"]
[EventCountry "EGY"]
[SourceTitle "CBM 217 Extra"]
[Source "ChessBase"]
[SourceDate "2024.01.31"]
[SourceVersion "1"]
[SourceVersionDate "2024.01.31"]
[SourceQuality "1"]

1. e4 e6 2. d4 d5 3. e5 c5 4. c3 Qb6 5. a3 Bd7 6. Nf3 Bb5 7. Bd3 Bxd3 8. Qxd3 c4 9. Qc2 Qc6 10. Be3 b5 11. Nbd2 Nd7 12. 0-0 Nb6 13. Ng5 h6 14. Nh3 Ne7 15. Nf4 g6 16. Ne2 Bg7 17. Rab1 0-0 18. f4 f5 19. exf6 Rxf6 20. Nf3 Nf5 21. Bf2 Nd7 22. g4 Nd6 23. Bh4 Ne4 24. Bxf6 Ndxf6 25. Ne5 Qe8 26. Rbe1 Kh7 27. Kg2 a5 28. h3 b4 29. axb4 axb4 30. Ra1 Rb8 31. Nf3 Rb7 32. Ne5 Bf8 33. g5 Nh5 34. Nxc4 hxg5 35. Nd2 Nd6 36. c4 dxc4 37. fxg5 Qc6+ 38. Kh2 Bg7 39. Nf3 Nf5 40. Qd2 Qd6+ 41. Kg2 Nfg3 42. Nxg3 Qxg3+ 43. Kh1 Qxh3+ 44. Kg1 Ng3 45. Rfe1 Qh1+ 46. Kf2 Ne4+ 47. Rxe4 Qxa1 48. Rxe6 Qb1 49. Rc6 c3 50. bxc3 b3 51. Qf4 Qf5 52. Qxf5 gxf5 53. Nd2 Bf8 54. Kf3 Ba3 55. d5 Bc1 56. d6 Bxd2 57. Rc7+ Rxc7 58. dxc7 b2 59. c8Q b1Q 60. Qd7+ Kg6 61. Qxd2 Qe4+ 62. Kf2 Qh4+ 63. Kg2 Qxg5+ 64. Qxg5+ Kxg5 65. Kf3 Kf6 66. Kf4 Ke6 67. c4 Kd6 68. c5+ Kxc5 69. Kxf5 1/2-1/2

[Event "Tanta op 2nd"]
[Site "Tanta"]
[Date "1998.11.19"]
[Round "4"]
[White "Sorial, Hanna"]
[Black "Yousry, Mohamed"]
[Result "1/2-1/2"]
[WhiteElo "2245"]
[BlackElo "2250"]
[PlyCount "66"]
[EventDate "1998.11.16"]
[EventType "swiss"]
[EventRounds "9"]
[EventCountry "EGY"]
[SourceTitle "CBM 067 Extra"]
[Source "ChessBase"]
[SourceDate "1999.01.01"]
[SourceVersion "1"]
[SourceVersionDate "1999.01.01"]
[SourceQuality "1"]

1. Nf3 f5 2. c4 Nf6 3. d4 g6 4. Nc3 Bg7 5. g3 d6 6. Bg2 0-0 7. 0-0 c6 8. Rb1 Qe8 9. d5 h6 10. Nd4 cxd5 11. cxd5 Na6 12. b4 Nc7 13. Bb2 Bd7 14. Rc1 Rc8 15. e3 Qf7 16. Qb3 g5 17. f4 Qh5 18. h3 gxf4 19. exf4 Qg6 20. Ne6 Bxe6 21. dxe6 Nh5 22. Ne2 Bxb2 23. Qxb2 Nxe6 24. Rxc8 Rxc8 25. Bxb7 Nxg3 26. Bxc8 Nxe2+ 27. Kf2 N6xf4 28. Qb3+ d5 29. Ke1 Nd4 30. Qc3 Qg2 31. Ba6 Qe4+ 32. Kf2 Qg2+ 33. Ke1 Qe4+ 1/2-1/2

[Event "Tanta op 2nd"]
[Site "Tanta"]
[Date "1998.11.16"]
[Round "1"]
[White "Dambrauskas, Virginijus A"]
[Black "Yousry, Mohamed"]
[Result "1-0"]
[WhiteElo "2335"]
[BlackElo "2250"]
[PlyCount "62"]
[EventDate "1998.11.16"]
[EventType "swiss"]
[EventRounds "9"]
[EventCountry "EGY"]
[SourceTitle "CBM 067 Extra"]
[Source "ChessBase"]
[SourceDate "1999.01.01"]
[SourceVersion "1"]
[SourceVersionDate "1999.01.01"]
[SourceQuality "1"]

1. d4 d6 2. e4 Nf6 3. Nc3 g6 4. Be2 Bg7 5. Be3 c6 6. Qd2 b5 7. f3 h5 8. Bd3 e5 9. Nge2 a6 10. dxe5 dxe5 11. a4 Bb7 12. 0-0 0-0 13. Nc1 Nbd7 14. Qf2 Ne8 15. Rd1 Nc7 16. Bf1 Qc8 17. Nb3 Ne6 18. g3 Qc7 19. Rd2 b4 20. Na2 c5 21. Rad1 Rfd8 22. Nxc5 Ndxc5 23. Rxd8+ Rxd8 24. Rxd8+ Qxd8 25. Bxc5 Nxc5 26. Qxc5 a5 27. Bd3 Bf8 28. Qe3 Be7 29. Qe2 Kg7 30. Kg2 Qc8 31. Qe1 Bc6 1-0

[Event "Tanta op 1st"]
[Site "Tanta"]
[Date "1997.??.??"]
[Round "4"]
[White "Abdel Aziem, Ramadan"]
[Black "Yousry, Mohamed"]
[Result "0-1"]
[WhiteElo "2260"]
[BlackElo "2120"]
[PlyCount "95"]
[EventDate "1997.??.??"]
[EventType "swiss"]
[EventRounds "10"]
[EventCountry "EGY"]
[SourceTitle "EXT 1998"]
[Source "ChessBase"]
[SourceDate "1997.11.17"]
[SourceVersion "1"]
[SourceVersionDate "1997.11.17"]
[SourceQuality "1"]

1. e4 e6 2. d4 d5 3. Nc3 Bb4 4. e5 c5 5. a3 Bxc3+ 6. bxc3 Ne7 7. Nf3 Qc7 8. Be2 h6 9. 0-0 b6 10. a4 Ba6 11. Bb5+ Bxb5 12. axb5 Nd7 13. Ra4 a5 14. bxa6 Qc6 15. Ra1 Qb5 16. dxc5 bxc5 17. Qd3 Qc6 18. a7 Qc7 19. c4 d4 20. c3 dxc3 21. Qxc3 Rxa7 22. Rb1 0-0 23. h3 Nc6 24. Bf4 f6 25. Rfe1 fxe5 26. Bg3 Rf5 27. Nh4 Rf6 28. Nf3 Rf5 29. Nh4 Rf6 30. Nf3 Ra2 31. Rb2 Rxb2 32. Qxb2 Rf5 33. Nh4 Rf6 34. Nf3 Rf5 35. Nh4 Rf7 36. Nf3 Qa5 37. Qc1 Qa2 38. Kh2 Rf6 39. Re3 Nd4 40. Nxe5 Nxe5 41. Rxe5 Rf8 42. Qc3 Qc2 43. Qe3 Ra8 44. Rxe6 Nxe6 45. Qxe6+ Kh7 46. Qc6 Ra1 47. Be5 Ra5 48. f3 0-1

[Event "Tanta op 1st"]
[Site "Tanta"]
[Date "1997.??.??"]
[Round "7"]
[White "Repkova, Eva"]
[Black "Yousry, Mohamed"]
[Result "1-0"]
[WhiteElo "2330"]
[BlackElo "2120"]
[PlyCount "85"]
[EventDate "1997.??.??"]
[EventType "swiss"]
[EventRounds "10"]
[EventCountry "EGY"]
[SourceTitle "EXT 1998"]
[Source "ChessBase"]
[SourceDate "1997.11.17"]
[SourceVersion "1"]
[SourceVersionDate "1997.11.17"]
[SourceQuality "1"]

1. e4 e6 2. d4 d5 3. Nd2 c5 4. exd5 Qxd5 5. Ngf3 cxd4 6. Bc4 Qd6 7. 0-0 Nf6 8. Nb3 Nc6 9. Nbxd4 Nxd4 10. Nxd4 a6 11. c3 Qc7 12. Qe2 Bd6 13. h3 Bd7 14. a4 0-0 15. Bg5 e5 16. Nc2 Be6 17. Ne3 Rac8 18. Bxf6 Bxc4 19. Qg4 g6 20. Rfd1 Be6 21. Qg5 Rfe8 22. Nd5 Bxd5 23. Rxd5 Re6 24. Rad1 Rce8 25. Qh4 h6 26. c4 Qc6 27. b3 b6 28. g4 Bc5 29. g5 h5 30. Qe4 Rxf6 31. gxf6 Qxf6 32. R1d2 a5 33. Rd7 Re6 34. Rd8+ Kg7 35. Qa8 Bd4 36. Kf1 Kh7 37. Rd7 h4 38. Qe4 Kg7 39. f3 Qg5 40. R2xd4 exd4 41. Qxe6 Qc1+ 42. Qe1 Qf4 43. Qd1 1-0

[Event "Tanta op 1st"]
[Site "Tanta"]
[Date "1997.??.??"]
[Round "2"]
[White "Soderberg, Per"]
[Black "Yousry, Mohamed"]
[Result "1-0"]
[WhiteElo "2255"]
[BlackElo "2120"]
[PlyCount "53"]
[EventDate "1997.??.??"]
[EventType "swiss"]
[EventRounds "10"]
[EventCountry "EGY"]
[SourceTitle "EXT 1998"]
[Source "ChessBase"]
[SourceDate "1997.11.17"]
[SourceVersion "1"]
[SourceVersionDate "1997.11.17"]
[SourceQuality "1"]

1. e4 e6 2. d4 d5 3. Nc3 Bb4 4. e5 b6 5. a3 Bf8 6. f4 Qd7 7. Nf3 Ba6 8. Bxa6 Nxa6 9. Qd3 Nb8 10. 0-0 g6 11. Be3 c5 12. Ne2 Nc6 13. c4 cxd4 14. Nfxd4 Nxd4 15. Bxd4 Ne7 16. Rad1 Rc8 17. cxd5 Nxd5 18. Ng3 Be7 19. f5 Qa4 20. Qf3 Rf8 21. f6 Bc5 22. Bxc5 Rxc5 23. Ne4 Rc8 24. Nd6+ Kd7 25. Rxd5 exd5 26. Qh3+ Kc6 27. Rc1+ 1-0

[Event "Tanta op 1st"]
[Site "Tanta"]
[Date "1997.??.??"]
[Round "1"]
[White "Yousry, Mohamed"]
[Black "Hamed, Ahmed"]
[Result "0-1"]
[WhiteElo "2120"]
[BlackElo "2330"]
[PlyCount "64"]
[EventDate "1997.??.??"]
[EventType "swiss"]
[EventRounds "10"]
[EventCountry "EGY"]
[SourceTitle "EXT 1998"]
[Source "ChessBase"]
[SourceDate "1997.11.17"]
[SourceVersion "1"]
[SourceVersionDate "1997.11.17"]
[SourceQuality "1"]

1. e4 d6 2. d4 Nf6 3. Nc3 g6 4. f3 c6 5. Bc4 d5 6. Bb3 Bg7 7. Bg5 Nbd7 8. Nge2 h6 9. Bh4 g5 10. Bg3 Nf8 11. Be5 e6 12. Ng3 Ng6 13. Bxf6 Bxf6 14. Nh5 Be7 15. Ne2 Qb6 16. c3 Rg8 17. 0-0 Bd7 18. Kh1 0-0-0 19. c4 dxc4 20. Bxc4 Kb8 21. Qc2 c5 22. Rfd1 cxd4 23. Nxd4 Ne5 24. Qb3 Nxc4 25. Qxc4 Rc8 26. Qe2 Rgd8 27. a4 Be8 28. Nb5 a6 29. Nc3 Rxd1+ 30. Rxd1 Rd8 31. Rxd8+ Qxd8 32. h4 Qd4 0-1

[Event "Tanta op 1st"]
[Site "Tanta"]
[Date "1997.??.??"]
[Round "10"]
[White "Yousry, Mohamed"]
[Black "Sakr, Nassim"]
[Result "1-0"]
[WhiteElo "2120"]
[BlackElo "2170"]
[PlyCount "65"]
[EventDate "1997.??.??"]
[EventType "swiss"]
[EventRounds "10"]
[EventCountry "EGY"]
[SourceTitle "EXT 1998"]
[Source "ChessBase"]
[SourceDate "1997.11.17"]
[SourceVersion "1"]
[SourceVersionDate "1997.11.17"]
[SourceQuality "1"]

1. e4 c5 2. Nf3 d6 3. d4 cxd4 4. Nxd4 Nf6 5. Nc3 a6 6. Bg5 e6 7. Qd2 Nbd7 8. 0-0-0 Qc7 9. Bd3 Be7 10. f3 b5 11. g4 b4 12. Nce2 Rb8 13. Kb1 0-0 14. Ng3 Nc5 15. Rhg1 Re8 16. Nh5 Nfd7 17. Bxe7 Rxe7 18. Nxg7 Kxg7 19. Nf5+ Kf8 20. Qh6+ Ke8 21. Nxe7 Kxe7 22. Qh4+ Ke8 23. Qxh7 Nf8 24. Qg8 e5 25. Bc4 Nce6 26. Bb3 a5 27. g5 Ke7 28. h4 Bd7 29. Qh8 a4 30. Qf6+ Ke8 31. Bd5 Bc6 32. Bxe6 fxe6 33. g6 1-0